Statistics for World Capitals Closest to Doha - One Minute Sprint

Click here to take the quiz!

General Stats

  • This quiz has been taken 21 times
  • The average score is 14 of 20

Answer Stats

kmcapitalmiles% Correct
140Manama87
95%
722Muscat449
95%
575Kuwait City357
90%
492Riyadh306
90%
302Abu Dhabi188
85%
1693Amman1052
85%
1131Baghdad783
85%
1748Jerusalem1086
85%
1343Sana'a835
85%
1158Tehran720
85%
1818Beirut1130
75%
1734Damascus1078
70%
1686Baku1048
55%
1989Kabul1236
55%
1718Asmara1068
50%
1930Tbilisi1199
50%
1764Djibouti1096
45%
1783Yerevan1108
45%
2059Nicosia1279
30%
1549Ashgabat963
20%

Score Distribution

Percentile by Number Answered

Percent of People with Each Score

Your Score History

You have not taken this quiz